| 000 | 00000nam 2200000zi 4500 |
| 001 | 9.920116 |
| 003 | CaOODSP |
| 005 | 20241203113656 |
| 006 | m o d f |
| 007 | cr |n||||||||| |
| 008 | 230213s1988 oncb o f|0| 0 eng d |
| 040 | |aCaOODSP|beng|erda|cCaOODSP |
| 043 | |an-cn--- |
| 086 | 1 |aEn56-307/1988E-PDF |
| 245 | 00|aAcid rain : |bthe facts. |
| 264 | 1|a[Ottawa] : |bEnvironment Canada = Environnement Canada, |c[1988] |
| 300 | |a1 online resource (3 unnumbered pages) : |bmap |
| 336 | |atext|btxt|2rdacontent |
| 337 | |acomputer|bc|2rdamedia |
| 338 | |aonline resource|bcr|2rdacarrier |
| 500 | |aDigitized edition from print [produced by Environment and Climate Change Canada]. |
| 500 | |aCover title. |
| 650 | 0|aAcid rain|xEnvironmental aspects|zCanada. |
| 650 | 6|aPluies acides|xAspect de l'environnement|zCanada. |
| 710 | 1 |aCanada. |bEnvironment Canada, |eissuing body. |
| 856 | 40|qPDF|s2.94 MB|uhttps://publications.gc.ca/collections/collection_2024/eccc/En56-307-1988-eng.pdf |